00481nam a2200157Ia 4500008004100000020001400041082001400055100002300069245006400092250000800156260004500164300002400209500001900233600002100252650005000273240925s9999 xx 000 0 und d a139738193 a005.8 STA aStallings, William 0aCryptography and Network Security: principles and practice  a2nd aNew Jersey:bPrintice- Hall Int.c,1999. a139p.bNAfOriginal aIncludes Index aComputer Science aComputer science, information & general works